000 00593 a2200181 4500
999 _c5474
_d5474
020 _a9780797484061
050 0 0 _aR125.Z56MUC2018
100 1 _aMucheche, Caleb H.,
_eauthor.
245 1 0 _aMedical and health law in Zimbabwe /
_cCaleb Mucheche.
250 _aFirst edition.
264 1 _aHarare, Zimbabwe :
_bZimlaw Trust,
_c2018.
300 _avii, 117 pages
500 _aincludes index
504 _aIncludes bibliographical references (pages 91-99).
650 0 _aMedical laws and legislation
942 _2lcc
_cBK
_h125.Z56
_iMUC
_kR